¿Qué son los valores?. (Registro nro. 2387)
[ vista simple ]
| 000 -LEADER | |
|---|---|
| fixed length control field | 00926nam a2200253 a 4500 |
| 008 - CAMPO DE CONTROL (LIBRO) | |
| fixed length control field | 170302t1972 mx ||||f |||| 001 0 spa d |
| 020 ## - INTERNATIONAL STANDARD BOOK NUMBER | |
| ISBN | S/N |
| 041 ## - CODIGO DE IDIOMA | |
| Código de idioma del texto/pista de sonido o título separado | spa |
| 092 ## - SIGNATURA TOPOGRAFICA DEWEY LOCAL | |
| número de clasificación | 170 |
| libristica | 26 |
| sección | FRO |
| 100 1# - ENTRADA PRINCIPAL--NOMBRE PERSONAL | |
| Nombre personal | Frondizi, Risieri |
| 9 (RLIN) | 1043 |
| 245 #1 - TITULO PROPIAMENTE DICHO | |
| Título | ¿Qué son los valores?. |
| Subtítulo y Título paralelo | Breviario / |
| Mención de responsabilidad y remanente de la transcripción de la portada | Risieri Frondizi |
| 250 ## - MENCION DE EDICION | |
| Mención de edición | 5a ed. corregida y aumentada |
| 260 ## - PIE DE IMPRENTA | |
| Lugar de publicación, distribución, etc | Mexico: |
| Nombre de la editorial, distribuidor, etc | Fondo de Cultura Economica; |
| Fecha de publicación | 1972. |
| 300 ## - DESCRIPCION FISICA | |
| Extension | 190 p. |
| 500 ## - NOTA GENERAL | |
| Nota general | Frondizi, R. (1972). ¿Qué son los valores?. Breviario. (5a ed.). México : Fondo de Cultura Económica. |
| 590 ## - NOTAS LOCALES (RLIN) | |
| Nota local | Donacion Dora Vera, febrero 2017. |
| 653 #1 - TÉRMINO INDIZADO - PALABRAS CLAVES | |
| Palabra clave | ¿Que son los valores? |
| 653 ## - TÉRMINO INDIZADO - PALABRAS CLAVES | |
| Palabra clave | Problemas fundamentales de la axiologia |
| 653 #4 - TÉRMINO INDIZADO - PALABRAS CLAVES | |
| Palabra clave | Las droctinas subjetivistas |
| 653 ## - TÉRMINO INDIZADO - PALABRAS CLAVES | |
| Palabra clave | Scheler y el apriorismo material de los valores |
| 653 ## - TÉRMINO INDIZADO - PALABRAS CLAVES | |
| Palabra clave | Critica al subjetivismo y objetivismo axiologicos |
| 653 ## - TÉRMINO INDIZADO - PALABRAS CLAVES | |
| Palabra clave | Valor, estructura y situacion |
| 942 ## - ADDED ENTRY ELEMENTS (KOHA) | |
| Source of classification or shelving scheme | Dewey Decimal Classification |
| Item type | Libros |
| Estado de retiro | Existencia | Fuente de clasificación | Estado general | No para prestamo | Ubicación permanente | ubicación actual | Sala de ubicación | Fecha de adquisición | Fuente de adquisición | Total Checkouts | Número de clasificación | Código de barras | Date last seen | Número de ejemplar | Price effective from | Koha tipo de elemento (item) | Public note |
|---|---|---|---|---|---|---|---|---|---|---|---|---|---|---|---|---|---|
| Dewey Decimal Classification | Biblioteca Medicina | Biblioteca Medicina | Circulación | 02/03/2017 | Donacion Dora Vera , febrero 2017 | 170 26 FRO | 3811 | 02/03/2017 | Ej. 1 | 02/03/2017 | Libros | Donacion Dora Vera , febrero 2017 |